000 00607nam a22001577a 4500
003 OSt
005 20151003153413.0
008 151003b xxu||||| |||| 00| 0 eng d
040 _cRUA
082 _aAVM ITH 1993 B073 Or.1
100 _91925
_aITH VIRAK
245 _aSmall-scale indigenous chicken raising in baty district, takeo province, (ការចិញ្ចឹមមាន់ស្រុកជាលក្ខណៈគ្រួសារ នៅស្រុកបាទី ខេត្តតាកែវ)
260 _aphnom penh
_bRUA
_c1993
300 _avii, 36p.
_bill.
_c29cm.
942 _2ddc
_cAVM
999 _c1817
_d1817